Of Bridges and Borders
Shranjeno v:
| Glavni avtor: | |
|---|---|
| Format: | Knjiga |
| Jezik: | španščina angleščina |
| Izdano: |
Zurich
JRP Ringier
2009
|
| Izdaja: | 1a. ed |
| Teme: | |
| Oznake: |
Označite
Brez oznak, prvi označite!
|
MARC
| LEADER | 00000nam a2200000 a 4500 | ||
|---|---|---|---|
| 001 | UCH8794 | ||
| 003 | CL-VaPUC | ||
| 008 | 091211e20091000sz |||||||||||||||||spa|d | ||
| 020 | |a 9783037640814 | ||
| 041 | 0 | 7 | |a spa |2 CL-VaPUC |
| 041 | 0 | 7 | |a eng |2 CL-VaPUC |
| 082 | 0 | 4 | |a 709.04 |b VAJ |2 21 |
| 100 | 0 | |a Vajay, Sigismond de |e author |9 545436 | |
| 245 | 1 | 0 | |a Of Bridges and Borders |
| 250 | |a 1a. ed | ||
| 300 | |a 406 p | ||
| 942 | |c BK | ||
| 945 | |d 20091211 00:00:00 |a dcastane | ||
| 260 | |a Zurich |b JRP Ringier |c 2009 | ||
| 650 | 0 | |a Arte moderno |9 265333 | |
| 650 | 0 | |a Arte moderno |y Siglo 20 |9 265274 | |
| 650 | 0 | |a Arte |y Siglo 20 |9 267709 | |
| 650 | 0 | |a Artistas modernos |9 545437 | |
| 583 | |a last modification |c 20171116 02:46:18 |k Rodrigo Vera | ||
| 999 | |c 338901 |d 338899 | ||
| 952 | |0 0 |1 0 |4 0 |6 709_040000000000000_VAJ_2009 |7 0 |8 R |9 432188 |a BIBART |b BIBART |d 2019-11-22 |i 4624726 |o 709.04 VAJ 2009 |p 4624726 |r 2025-03-13 |w 2019-11-22 |y BK_R |k ART | ||